Проблемы злоупотребления лекарственными препаратами и новыми психоактивными веществами (Запись № 11026434)
[ простой вид ]
| 000 -МАРКЕР | |
|---|---|
| контрольное поле | 03300nam0a2200385 4500 |
| 001 - ИДЕНТИФИКАТОР ЗАПИСИ | |
| контрольное поле | RU\NLR\BIBL_A\011928589 |
| 005 - ИДЕНТИФИКАТОР ВЕРСИИ | |
| контрольное поле | 20190215144915.0 |
| 010 ## - МЕЖДУНАРОДНЫЙ СТАНДАРТНЫЙ НОМЕР КНИГИ (ISBN) | |
| Номер (ISBN) | 978-5-91247-094-3 |
| Тираж | 25 |
| 021 ## - НОМЕР ГОСУДАРСТВЕННОЙ РЕГИСТРАЦИИ | |
| Код страны | Российская Федерация |
| Номер | КН-П-18-100702 |
| Номер Листа государственной регистраци | КН-П-18-7307 |
| 035 ## - ДРУГИЕ СИСТЕМНЫЕ НОМЕРА | |
| Идентификатор записи | (NLR Aleph) 011928589 |
| 035 ## - ДРУГИЕ СИСТЕМНЫЕ НОМЕРА | |
| Идентификатор записи | (RuMoRGB)009854685 |
| 100 ## - ДАННЫЕ ОБЩЕЙ ОБРАБОТКИ | |
| Данные общей обработки | 20190206d2018 k y0rusy50 ca |
| 101 0# - ЯЗЫК РЕСУРСА | |
| Язык текста, звукозаписи и т.д. | русский |
| 102 ## - СТРАНА ПУБЛИКАЦИИ ИЛИ ПРОИЗВОДСТВА | |
| Страна публикации | Российская Федерация |
| 105 ## - ПОЛЕ КОДИРОВАННЫХ ДАННЫХ: ТЕКСТОВЫЕ МАТЕРИАЛЫ, МОНОГРАФИЧЕСКИЕ | |
| Кодированные данные о монографическом текстовом документе | a|||z|||000zy |
| 200 1# - ЗАГЛАВИЕ И СВЕДЕНИЯ ОБ ОТВЕТСТВЕННОСТИ | |
| Основное заглавие | Проблемы злоупотребления лекарственными препаратами и новыми психоактивными веществами |
| Сведения, относящиеся к заглавию | материалы IV Всероссийской научно-практической конференции с международным участием (23-25 мая 2018 года) |
| Первые сведения об ответственности | Министерство здравоохранения Российской Федерации, Министерство образования и науки Пермского края, Федеральное государственное бюджетное образовательное учреждение высшего образования "Пермская государственная фармацевтическая академия" Министерства здравоохранения Российской Федерации (ФГБОУ ВО ПГФА Минздрава России), Совет молодых ученых, Совет студенческого научного общества |
| Последующие сведения об ответственности | [редакционная коллегия: главный редактор к.фарм.н., доц. Турышев А. Ю. и др.] |
| 210 ## - ПУБЛИКАЦИЯ, РАСПРОСТРАНЕНИЕ И ДР. | |
| Место издания, распространения и т.д. | Пермь |
| Имя издателя, распространителя и т. д. | ФГБОУ ВО ПГФА Минздрава России |
| Дата издания, распространения и т.д. | 2018 |
| 215 ## - ФИЗИЧЕСКАЯ ХАРАКТЕРИСТИКА | |
| Специфическое обозначение материала и объем | 129 с. |
| Другие сведения о физической характеристике | ил., цв. ил., табл. |
| Размеры | 29 |
| 300 ## - ОБЩИЕ ПРИМЕЧАНИЯ | |
| Текст примечания | На обл. подзаг.: IV Всероссийская научно-практическая конференция с международным участием (23-25 мая 2018 года) |
| 320 ## - ПРИМЕЧАНИЯ О НАЛИЧИИ В ДОКУМЕНТЕ БИБЛИОГРАФИИ / УКАЗАТЕЛЯ | |
| Текст примечания | Библиогр. в конце ст. |
| 606 1# - НАИМЕНОВАНИЕ ТЕМЫ КАК ПРЕДМЕТ | |
| Наименование темы | Наркотики |
| Тематический подзаголовок | Токсичность |
| Формальный подзаголовок | Съезды, совещания и т.п |
| Код системы | nlr_sh1 |
| -- | nlr_sh2 |
| Идентификатор авторитетной/нормативной записи | RU\NLR\AUTH\66780630 |
| 606 1# - НАИМЕНОВАНИЕ ТЕМЫ КАК ПРЕДМЕТ | |
| Наименование темы | Наркомания |
| Тематический подзаголовок | Эпидемиологический анализ |
| Формальный подзаголовок | Съезды, совещания и т.п |
| Код системы | nlr_sh1 |
| -- | nlr_sh2 |
| Идентификатор авторитетной/нормативной записи | RU\NLR\AUTH\661170087 |
| 686 1# - ИНДЕКСЫ ДРУГИХ КЛАССИФИКАЦИЙ | |
| Индекс | Р284.91я431(2) |
| 686 1# - ИНДЕКСЫ ДРУГИХ КЛАССИФИКАЦИЙ | |
| Индекс | Р281.703-7я431(2) |
| 686 1# - ИНДЕКСЫ ДРУГИХ КЛАССИФИКАЦИЙ | |
| Индекс | Р11(2) 062.645.1я431(2) |
| 702 #1 - ИМЯ ЛИЦА - ВТОРИЧНАЯ ОТВЕТСТВЕННОСТЬ | |
| Начальный элемент ввода | Турышев |
| Часть имени, кроме начального элемента ввода | А. Ю. |
| Расширение инициалов личного имени | Алексей Юрьевич |
| Код отношения | Редактор |
| 711 12 - НАИМЕНОВАНИЕ ОРГАНИЗАЦИИ - АЛЬТЕРНАТИВНАЯ ОТВЕТСТВЕННОСТЬ | |
| Начальный элемент ввода | "Проблемы злоупотребления лекарственными препаратами и новыми психоактивными веществами", всероссийская научно-практическая конференция с международным участием |
| Порядковый номер временной организации и / или порядковый номер ее части | 2 |
| Дата проведения временной организации | 2016 |
| Место проведения временной организации | Пермь |
| Идентификатор авторитетной/нормативной записи | RU\NLR\AUTH\880433223 |
| 712 02 - НАИМЕНОВАНИЕ ОРГАНИЗАЦИИ - ВТОРИЧНАЯ ОТВЕТСТВЕННОСТЬ | |
| Начальный элемент ввода | Пермская государственная фармацевтическая академия |
| Идентификатор авторитетной/нормативной записи | RU\NLR\AUTH\8810024489 |
| Код отношения | Издающая организация |
| 942 ## - ДОПОЛНИТЕЛЬНЫЕ ЭЛЕМЕНТЫ ЗАПИСИ (АБИС) | |
| Тип экземпляра АБИС | Книга |
| 980 ## - КОЛЛЕКЦИЯ | |
| Название коллекции | НБР |
| 980 ## - КОЛЛЕКЦИЯ | |
| Название коллекции | Национальная библиография |
Нет доступных экземпляров.